000 00489nam a2200181Ia 4500
005 20250326125229.0
008 250326s9999 xx 000 0 und d
037 _aTextbook
040 _aFMSL
_beng
_cFMSL
041 _aeng
_2eng
084 _aX9Bg M6
_qFMSL
100 _aVyas J N
_9735798
245 0 _aSmall scale industry handbook
_cVyas J N
260 _aAhmedabad
_bAhmedabad, N K Vyas
_c1986
300 _a322p
942 _cTB
_hX9Bg M6
999 _c1277114
_d1277114